[Event "181st Stay Safe Play From Home series"]
[Site "T#646401Emanuel Laske"]
[Date "2020.05.28"]
[Round "3"]
[White "The Next Contender"]
[Black "Praveen Prasad"]
[Result "1-0"]
[WhiteElo "1994"]
[BlackElo "2255"]
[PlyCount "87"]
[EventDate "2020.05.28"]
[EventType "swiss (blitz)"]

1. d4 {[%emt 0:00:00]} d5 {[%emt 0:00:01]} 2. c4 {[%emt 0:00:00]} c5 {[%emt 0:00:01]} 3. e3 {[%emt 0:00:01]} dxc4 {[%emt 0:00:01]} 4. Bxc4 {[%emt 0:00:00]} cxd4 {[%emt 0:00:00]} 5. Qxd4 {[%emt 0:00:01]} Qxd4 {[%emt 0:00:01]} 6. exd4 {[%emt 0:00:00]} e6 {[%emt 0:00:00]} 7. Nf3 {[%emt 0:00:01]} a6 {[%emt 0:00:00]} 8. O-O {[%emt 0:00:00]} Nf6 {[%emt 0:00:00]} 9. Nc3 {[%emt 0:00:01]} Be7 {[%emt 0:00:00]} 10. a3 {[%emt 0:00:00]} O-O {[%emt 0:00:01]} 11. b4 {[%emt 0:00:00]} b5 {[%emt 0:00:01]} 12. Bb3 {[%emt 0:00:01]} Bb7 {[%emt 0:00:00]} 13. Bb2 {[%emt 0:00:00]} Nbd7 {[%emt 0:00:00]} 14. Ne5 {[%emt 0:00:01]} Nxe5 {[%emt 0:00:02]} 15. dxe5 {[%emt 0:00:00]} Ng4 {[%emt 0:00:02]} 16. Ne2 {[%emt 0:00:04]} Rfd8 {[%emt 0:00:02]} 17. Rfd1 {[%emt 0:00:01]} h5 {[%emt 0:00:02]} 18. h3 {[%emt 0:00:01]} Nh6 {[%emt 0:00:02]} 19. Nf4 {[%emt 0:00:01]} g6 {[%emt 0:00:02]} 20. Nd3 {[%emt 0:00:01]} Bd5 {[%emt 0:00:03]} 21. Bxd5 {[%emt 0:00:01]} Rxd5 {[%emt 0:00:00]} 22. Nf4 {[%emt 0:00:02]} Rxd1+ {[%emt 0:00:03]} 23. Rxd1 {[%emt 0:00:00]} Rd8 {[%emt 0:00:01]} 24. Rxd8+ {[%emt 0:00:02]} Bxd8 {[%emt 0:00:00]} 25. Nd3 {[%emt 0:00:01]} Be7 {[%emt 0:00:01]} 26. Nc5 {[%emt 0:00:01]} Bxc5 {[%emt 0:00:03]} 27. bxc5 {[%emt 0:00:00]} Kf8 {[%emt 0:00:00]} 28. Bc3 {[%emt 0:00:05]} Ke7 {[%emt 0:00:01]} 29. Bb4 {[%emt 0:00:02]} Kd7 {[%emt 0:00:01]} 30. f4 {[%emt 0:00:01]} Nf5 {[%emt 0:00:01]} 31. Kf2 {[%emt 0:00:01]} Kc6 {[%emt 0:00:03]} 32. Kf3 {[%emt 0:00:01]} Kd5 {[%emt 0:00:01]} 33. g4 {[%emt 0:00:01]} hxg4+ {[%emt 0:00:00]} 34. hxg4 {[%emt 0:00:00]} Nd4+ {[%emt 0:00:00]} 35. Ke3 {[%emt 0:00:01]} Nc6 {[%emt 0:00:07]} 36. Kd3 {[%emt 0:00:01]} Nd4 {[%emt 0:00:01]} 37. Ke3 {[%emt 0:00:02]} Nb3 {[%emt 0:00:01]} 38. f5 {[%emt 0:00:04]} gxf5 {[%emt 0:00:02]} 39. gxf5 {[%emt 0:00:00]} Kxe5 {[%emt 0:00:01]} 40. fxe6 {[%emt 0:00:01]} fxe6 {[%emt 0:00:00]} 41. c6 {[%emt 0:00:00]} Nd4 {[%emt 0:00:07]} 42. c7 {[%emt 0:00:01]} Nf5+ {[%emt 0:00:00]} 43. Kf3 {[%emt 0:00:01]} Nd4+ {[%emt 0:00:01]} 44. Kf2 {[%emt 0:00:03] Time (Lag: Av=1.00s, max=2.4s)} 1-0

[Event "181st Stay Safe Play From Home series"]
[Site "T#646401Emanuel Laske"]
[Date "2020.05.28"]
[Round "3"]
[White "Castlingarrocco"]
[Black "Tunca"]
[Result "0-1"]
[WhiteElo "1924"]
[BlackElo "1807"]
[Annotator "NA"]
[PlyCount "66"]
[EventDate "2020.05.28"]
[EventType "swiss (blitz)"]

1. d4 {[%emt 0:00:01]} d6 {[%emt 0:00:01]} 2. e3 {[%emt 0:00:00]} e5 {[%emt 0:00:01]} 3. f4 {[%emt 0:00:00]} exd4 {[%emt 0:00:01]} 4. exd4 {[%emt 0:00:00]} Nf6 {[%emt 0:00:01]} 5. c3 {[%emt 0:00:00]} g6 {[%emt 0:00:00]} 6. Nf3 {[%emt 0:00:01]} Bg7 {[%emt 0:00:00]} 7. Bc4 {[%emt 0:00:01]} O-O {[%emt 0:00:00]} 8. O-O {[%emt 0:00:01]} Re8 {[%emt 0:00:00]} 9. Nbd2 {[%emt 0:00:01]} d5 {[%emt 0:00:00]} 10. Bd3 {[%emt 0:00:01]} c5 {[%emt 0:00:01]} 11. Ne5 {[%emt 0:00:01]} Nc6 {[%emt 0:00:01]} 12. Ndf3 {[%emt 0:00:01]} cxd4 {[%emt 0:00:01]} 13. cxd4 {[%emt 0:00:01]} Ne4 {[%emt 0:00:02]} 14. Bxe4 {[%emt 0:00:02]} dxe4 {[%emt 0:00:00]} 15. Ne1 {[%emt 0:00:03]} Nxd4 {[%emt 0:00:01]} 16. Be3 {[%emt 0:00:02]} Nf5 {[%emt 0:00:01]} 17. Qe2 {[%emt 0:00:02]} Nxe3 {[%emt 0:00:02]} 18. Qxe3 {[%emt 0:00:00]} Rxe5 {[%emt 0:00:04]} 19. fxe5 {[%emt 0:00:00]} Bxe5 {[%emt 0:00:01]} 20. Nc2 {[%emt 0:00:01]} f5 {[%emt 0:00:02]} 21. Rad1 {[%emt 0:00:02]} Qc7 {[%emt 0:00:01]} 22. Qb3+ {[%emt 0:00:01]} Kg7 {[%emt 0:00:03]} 23. g3 {[%emt 0:00:01]} Bd7 {[%emt 0:00:06]} 24. Ne3 {[%emt 0:00:01]} Bc6 {[%emt 0:00:01]} 25. Rc1 {[%emt 0:00:02]} Bd4 {[%emt 0:00:01]} 26. Kg2 {[%emt 0:00:02]} Qb6 {[%emt 0:00:02]} 27. Nd5 {[%emt 0:00:02]} e3 {[%emt 0:00:05]} 28. Rfe1 {[%emt 0:00:06]} Rd8 {[%emt 0:00:01]} 29. Rxc6 {[%emt 0:00:07]} Qxc6 {[%emt 0:00:01]} 30. Rc1 {[%emt 0:00:02]} Qxd5+ {[%emt 0:00:01]} 31. Qxd5 {[%emt 0:00:02]} Rxd5 {[%emt 0:00:00]} 32. Rc7+ {[%emt 0:00:01]} Kh6 {[%emt 0:00:01]} 33. Rxb7 {[%emt 0:00:01]} e2 {[%emt 0:00:02] Castlingarrocco abbandona (Lag: Av=0.36s, max=0.7s)} 0-1

[Event "181st Stay Safe Play From Home series"]
[Site "T#646401Emanuel Laske"]
[Date "2020.05.28"]
[Round "3"]
[White "VotaryRoma"]
[Black "Weltszmerc"]
[Result "1-0"]
[WhiteElo "1808"]
[BlackElo "2005"]
[Annotator "NA"]
[PlyCount "109"]
[EventDate "2020.05.28"]
[EventType "swiss (blitz)"]

1. Nf3 {[%emt 0:00:01]} Nf6 {[%emt 0:00:00]} 2. g3 {[%emt 0:00:00]} d5 {[%emt 0:00:01]} 3. Bg2 {[%emt 0:00:00]} c6 {[%emt 0:00:00]} 4. O-O {[%emt 0:00:01]} Bf5 {[%emt 0:00:00]} 5. d4 {[%emt 0:00:00]} e6 {[%emt 0:00:00]} 6. c4 {[%emt 0:00:00]} h6 {[%emt 0:00:00]} 7. cxd5 {[%emt 0:00:00]} exd5 {[%emt 0:00:01]} 8. Nc3 {[%emt 0:00:00]} Be7 {[%emt 0:00:00]} 9. Qb3 {[%emt 0:00:00]} Qb6 {[%emt 0:00:02]} 10. Qxb6 {[%emt 0:00:00]} axb6 {[%emt 0:00:01]} 11. Bf4 {[%emt 0:00:00]} Nbd7 {[%emt 0:00:01]} 12. Bc7 {[%emt 0:00:01]} b5 {[%emt 0:00:01]} 13. a4 {[%emt 0:00:02]} b4 {[%emt 0:00:02]} 14. Nd1 {[%emt 0:00:02]} O-O {[%emt 0:00:01]} 15. Ne3 {[%emt 0:00:01]} Bh7 {[%emt 0:00:02]} 16. Be5 {[%emt 0:00:00]} Nxe5 {[%emt 0:00:02]} 17. Nxe5 {[%emt 0:00:00]} Rfd8 {[%emt 0:00:01]} 18. Rfc1 {[%emt 0:00:01]} Nd7 {[%emt 0:00:01]} 19. Nxd7 {[%emt 0:00:02]} Rxd7 {[%emt 0:00:00]} 20. Nc2 {[%emt 0:00:01]} Bd6 {[%emt 0:00:02]} 21. b3 {[%emt 0:00:02]} Re8 {[%emt 0:00:01]} 22. Ne3 {[%emt 0:00:01]} Rde7 {[%emt 0:00:01]} 23. a5 {[%emt 0:00:01]} Ra8 {[%emt 0:00:02]} 24. Ra2 {[%emt 0:00:01]} Be4 {[%emt 0:00:01]} 25. Rca1 {[%emt 0:00:01]} Bxg2 {[%emt 0:00:01]} 26. Kxg2 {[%emt 0:00:00]} Ra6 {[%emt 0:00:02]} 27. Kf3 {[%emt 0:00:02]} Re8 {[%emt 0:00:01]} 28. Nc2 {[%emt 0:00:01]} Rea8 {[%emt 0:00:01]} 29. e3 {[%emt 0:00:00]} Bc7 {[%emt 0:00:01]} 30. Nxb4 {[%emt 0:00:01]} Rxa5 {[%emt 0:00:00]} 31. Rxa5 {[%emt 0:00:01]} Rxa5 {[%emt 0:00:00]} 32. Rxa5 {[%emt 0:00:00]} Bxa5 {[%emt 0:00:00]} 33. Nd3 {[%emt 0:00:00]} Kf8 {[%emt 0:00:01]} 34. b4 {[%emt 0:00:00]} Bb6 {[%emt 0:00:01]} 35. Nc5 {[%emt 0:00:00]} Bxc5 {[%emt 0:00:01]} 36. bxc5 {[%emt 0:00:00]} Ke7 {[%emt 0:00:00]} 37. Ke2 {[%emt 0:00:00]} Kd7 {[%emt 0:00:01]} 38. Kd3 {[%emt 0:00:00]} Kc7 {[%emt 0:00:00]} 39. Kc3 {[%emt 0:00:00]} b5 {[%emt 0:00:01]} 40. cxb6+ {[%emt 0:00:05]} Kxb6 {[%emt 0:00:00]} 41. Kb4 {[%emt 0:00:00]} f5 {[%emt 0:00:01]} 42. f4 {[%emt 0:00:02]} g6 {[%emt 0:00:02]} 43. h3 {[%emt 0:00:01]} Kb7 {[%emt 0:00:04]} 44. Kc5 {[%emt 0:00:04]} Kc7 {[%emt 0:00:01]} 45. g4 {[%emt 0:00:00]} fxg4 {[%emt 0:00:02]} 46. hxg4 {[%emt 0:00:01]} h5 {[%emt 0:00:00]} 47. f5 {[%emt 0:00:02]} hxg4 {[%emt 0:00:06]} 48. fxg6 {[%emt 0:00:01]} g3 {[%emt 0:00:01]} 49. g7 {[%emt 0:00:00]} g2 {[%emt 0:00:00]} 50. g8=Q {[%emt 0:00:00]} Kd7 {[%emt 0:00:01]} 51. Qxg2 {[%emt 0:00:01]} Ke6 {[%emt 0:00:00]} 52. Qg6+ {[%emt 0:00:01]} Ke7 {[%emt 0:00:01]} 53. Kxc6 {[%emt 0:00:01]} Kd8 {[%emt 0:00:00]} 54. Qf7 {[%emt 0:00:02]} Kc8 {[%emt 0:00:01]} 55. Qc7# {[%emt 0:00:01] (Lag: Av=0.76s, max=1.3s)} 1-0

[Event "181st Stay Safe Play From Home series"]
[Site "T#646401Emanuel Laske"]
[Date "2020.05.28"]
[Round "3"]
[White "Majstor-resa"]
[Black "Lazieri3"]
[Result "0-1"]
[WhiteElo "1660"]
[BlackElo "2062"]
[Annotator "NA"]
[PlyCount "98"]
[EventDate "2020.05.28"]
[EventType "swiss (blitz)"]

1. d4 {[%emt 0:00:00]} c6 {[%emt 0:00:00]} 2. Nf3 {[%emt 0:00:00]} d5 {[%emt 0:00:00]} 3. Nc3 {[%emt 0:00:00]} Nf6 {[%emt 0:00:00]} 4. Bg5 {[%emt 0:00:00]} Bf5 {[%emt 0:00:01]} 5. e3 {[%emt 0:00:01]} e6 {[%emt 0:00:01]} 6. Bd3 {[%emt 0:00:01]} Bxd3 {[%emt 0:00:01]} 7. Qxd3 {[%emt 0:00:00]} Be7 {[%emt 0:00:01]} 8. Ne5 {[%emt 0:00:01]} Nbd7 {[%emt 0:00:01]} 9. O-O-O {[%emt 0:00:01]} Nxe5 {[%emt 0:00:01]} 10. dxe5 {[%emt 0:00:01]} Nd7 {[%emt 0:00:00]} 11. Bf4 {[%emt 0:00:01]} h6 {[%emt 0:00:01]} 12. e4 {[%emt 0:00:02]} Nb6 {[%emt 0:00:01]} 13. exd5 {[%emt 0:00:01]} Nxd5 {[%emt 0:00:00]} 14. Nxd5 {[%emt 0:00:01]} cxd5 {[%emt 0:00:00]} 15. Be3 {[%emt 0:00:02]} Qc7 {[%emt 0:00:01]} 16. Kb1 {[%emt 0:00:01]} O-O-O {[%emt 0:00:01]} 17. Bxa7 {[%emt 0:00:04]} Bc5 {[%emt 0:00:01]} 18. Bxc5 {[%emt 0:00:02]} Qxc5 {[%emt 0:00:00]} 19. Rc1 {[%emt 0:00:01]} Kb8 {[%emt 0:00:01]} 20. f4 {[%emt 0:00:02]} Rc8 {[%emt 0:00:02]} 21. g4 {[%emt 0:00:01]} h5 {[%emt 0:00:02]} 22. h3 {[%emt 0:00:03]} hxg4 {[%emt 0:00:01]} 23. hxg4 {[%emt 0:00:01]} Qf2 {[%emt 0:00:01]} 24. Rxh8 {[%emt 0:00:02]} Rxh8 {[%emt 0:00:01]} 25. f5 {[%emt 0:00:01]} Qf4 {[%emt 0:00:03]} 26. fxe6 {[%emt 0:00:02]} fxe6 {[%emt 0:00:00]} 27. Re1 {[%emt 0:00:02]} Qxg4 {[%emt 0:00:02]} 28. a3 {[%emt 0:00:02]} Qf5 {[%emt 0:00:01]} 29. Qb3 {[%emt 0:00:03]} g5 {[%emt 0:00:04]} 30. Qb5 {[%emt 0:00:04]} Qf7 {[%emt 0:00:05]} 31. Rf1 {[%emt 0:00:01]} Qc7 {[%emt 0:00:02]} 32. Rf6 {[%emt 0:00:01]} Rh1+ {[%emt 0:00:04]} 33. Ka2 {[%emt 0:00:01]} Qc4+ {[%emt 0:00:00]} 34. Qxc4 {[%emt 0:00:01]} dxc4 {[%emt 0:00:00]} 35. Rxe6 {[%emt 0:00:00]} Rh2 {[%emt 0:00:01]} 36. c3 {[%emt 0:00:02]} g4 {[%emt 0:00:02]} 37. Rg6 {[%emt 0:00:01]} Rg2 {[%emt 0:00:01]} 38. Rg7 {[%emt 0:00:01]} g3 {[%emt 0:00:02]} 39. e6 {[%emt 0:00:01]} Re2 {[%emt 0:00:01]} 40. Rxg3 {[%emt 0:00:01]} Rxe6 {[%emt 0:00:00]} 41. Rg4 {[%emt 0:00:00]} Rc6 {[%emt 0:00:00]} 42. Rg7 {[%emt 0:00:02]} Ka7 {[%emt 0:00:01]} 43. a4 {[%emt 0:00:00]} Ka6 {[%emt 0:00:01]} 44. Ka3 {[%emt 0:00:00]} Ka5 {[%emt 0:00:00]} 45. Rg5+ {[%emt 0:00:01]} Ka6 {[%emt 0:00:00]} 46. Rb5 {[%emt 0:00:01]} Rg6 {[%emt 0:00:02]} 47. Kb4 {[%emt 0:00:01]} Rg1 {[%emt 0:00:00]} 48. Kxc4 {[%emt 0:00:01]} Rb1 {[%emt 0:00:00]} 49. b4 {[%emt 0:00:01]} Rh1 {[%emt 0:00:00] Zeit (Lag: Av=0.47s, max=0.9s)} 0-1

[Event "181st Stay Safe Play From Home series"]
[Site "T#646401Emanuel Laske"]
[Date "2020.05.28"]
[Round "4"]
[White "Broken sword"]
[Black "VotaryRoma"]
[Result "1-0"]
[WhiteElo "2492"]
[BlackElo "1906"]
[PlyCount "183"]
[EventDate "2020.05.28"]
[EventType "swiss (blitz)"]

1. d4 {[%emt 0:00:01]} Nf6 {[%emt 0:00:03]} 2. Nf3 {[%emt 0:00:00]} g6 {[%emt 0:00:00]} 3. c3 {[%emt 0:00:01]} Bg7 {[%emt 0:00:00]} 4. Bf4 {[%emt 0:00:00]} O-O {[%emt 0:00:00]} 5. e3 {[%emt 0:00:00]} d6 {[%emt 0:00:00]} 6. Be2 {[%emt 0:00:00]} Nbd7 {[%emt 0:00:00]} 7. O-O {[%emt 0:00:00]} c5 {[%emt 0:00:00]} 8. h3 {[%emt 0:00:01]} cxd4 {[%emt 0:00:00]} 9. exd4 {[%emt 0:00:01]} Re8 {[%emt 0:00:00]} 10. Nbd2 {[%emt 0:00:00]} Qc7 {[%emt 0:00:01]} 11. Re1 {[%emt 0:00:01]} e5 {[%emt 0:00:00]} 12. Bh2 {[%emt 0:00:00]} e4 {[%emt 0:00:01]} 13. Ng5 {[%emt 0:00:01]} h6 {[%emt 0:00:02]} 14. Ngxe4 {[%emt 0:00:03]} Nxe4 {[%emt 0:00:00]} 15. Bd3 {[%emt 0:00:01]} Nef6 {[%emt 0:00:01]} 16. Rxe8+ {[%emt 0:00:01]} Nxe8 {[%emt 0:00:00]} 17. Qe2 {[%emt 0:00:00]} Nef6 {[%emt 0:00:00]} 18. Re1 {[%emt 0:00:01]} b6 {[%emt 0:00:01]} 19. Qe7 {[%emt 0:00:01]} Bb7 {[%emt 0:00:01]} 20. Bxd6 {[%emt 0:00:01]} Qc6 {[%emt 0:00:01]} 21. Bf1 {[%emt 0:00:02]} Re8 {[%emt 0:00:02]} 22. Qxe8+ {[%emt 0:00:00]} Nxe8 {[%emt 0:00:00]} 23. Rxe8+ {[%emt 0:00:00]} Kh7 {[%emt 0:00:00]} 24. Ba3 {[%emt 0:00:01]} Nf6 {[%emt 0:00:02]} 25. Re7 {[%emt 0:00:01]} Ne4 {[%emt 0:00:01]} 26. Nxe4 {[%emt 0:00:01]} f5 {[%emt 0:00:02]} 27. Ng3 {[%emt 0:00:03]} h5 {[%emt 0:00:02]} 28. Ne2 {[%emt 0:00:02]} h4 {[%emt 0:00:01]} 29. Nf4 {[%emt 0:00:01]} Kh6 {[%emt 0:00:03]} 30. Re6 {[%emt 0:00:06]} Qc7 {[%emt 0:00:02]} 31. Bd6 {[%emt 0:00:01]} Qd7 {[%emt 0:00:01]} 32. Rxg6+ {[%emt 0:00:00]} Kh7 {[%emt 0:00:01]} 33. Be5 {[%emt 0:00:05]} Bxe5 {[%emt 0:00:01]} 34. dxe5 {[%emt 0:00:00]} Qd1 {[%emt 0:00:00]} 35. Rg5 {[%emt 0:00:01]} Ba6 {[%emt 0:00:01]} 36. Rh5+ {[%emt 0:00:04]} Kg7 {[%emt 0:00:01]} 37. Rg5+ {[%emt 0:00:00]} Kf7 {[%emt 0:00:00]} 38. Rxf5+ {[%emt 0:00:00]} Ke8 {[%emt 0:00:00]} 39. Kh2 {[%emt 0:00:07]} Qxf1 {[%emt 0:00:01]} 40. Ng6 {[%emt 0:00:00]} Qd3 {[%emt 0:00:02]} 41. Rf8+ {[%emt 0:00:01]} Kd7 {[%emt 0:00:00]} 42. Rf7+ {[%emt 0:00:01]} Ke6 {[%emt 0:00:03]} 43. Rf6+ {[%emt 0:00:00]} Kd7 {[%emt 0:00:02]} 44. Rf7+ {[%emt 0:00:00]} Kc6 {[%emt 0:00:00]} 45. Rf6+ {[%emt 0:00:00]} Kb5 {[%emt 0:00:00]} 46. Rf4 {[%emt 0:00:00]} Qd5 {[%emt 0:00:02]} 47. Rb4+ {[%emt 0:00:00]} Ka5 {[%emt 0:00:01]} 48. Rg4 {[%emt 0:00:00]} b5 {[%emt 0:00:01]} 49. Nf4 {[%emt 0:00:00]} Qxe5 {[%emt 0:00:01]} 50. g3 {[%emt 0:00:00]} hxg3+ {[%emt 0:00:01]} 51. Kxg3 {[%emt 0:00:00]} Qe1 {[%emt 0:00:01]} 52. Kh4 {[%emt 0:00:01]} Qxf2+ {[%emt 0:00:01]} 53. Kg5 {[%emt 0:00:00]} Bb7 {[%emt 0:00:00]} 54. h4 {[%emt 0:00:00]} Qc5+ {[%emt 0:00:00]} 55. Kg6 {[%emt 0:00:01]} Qb6+ {[%emt 0:00:00]} 56. Kg5 {[%emt 0:00:00]} Qc5+ {[%emt 0:00:00]} 57. Kg6 {[%emt 0:00:01]} Qc7 {[%emt 0:00:00]} 58. h5 {[%emt 0:00:00]} Qc6+ {[%emt 0:00:01]} 59. Kg5 {[%emt 0:00:00]} Qe8 {[%emt 0:00:02]} 60. Kh4 {[%emt 0:00:00]} Qd8+ {[%emt 0:00:00]} 61. Kg3 {[%emt 0:00:00]} Qd1 {[%emt 0:00:01]} 62. Kh4 {[%emt 0:00:00]} Qg1 {[%emt 0:00:00]} 63. Kg5 {[%emt 0:00:00]} Qh1 {[%emt 0:00:00]} 64. h6 {[%emt 0:00:00]} Qh5+ {[%emt 0:00:01]} 65. Kxh5 {[%emt 0:00:00]} Bc6 {[%emt 0:00:00]} 66. h7 {[%emt 0:00:00]} Be8+ {[%emt 0:00:00]} 67. Kh4 {[%emt 0:00:01]} Bc6 {[%emt 0:00:00]} 68. Rg5 {[%emt 0:00:00]} Kb6 {[%emt 0:00:00]} 69. Rg7 {[%emt 0:00:00]} Bb7 {[%emt 0:00:00]} 70. Rg8 {[%emt 0:00:00]} Bc6 {[%emt 0:00:00]} 71. Rg7 {[%emt 0:00:00]} Ka6 {[%emt 0:00:00]} 72. Rg6 {[%emt 0:00:00]} Ka5 {[%emt 0:00:00]} 73. Rxc6 {[%emt 0:00:00]} a6 {[%emt 0:00:00]} 74. h8=Q {[%emt 0:00:00]} b4 {[%emt 0:00:00]} 75. Rc7 {[%emt 0:00:00]} bxc3 {[%emt 0:00:01]} 76. Rc8 {[%emt 0:00:00]} Ka4 {[%emt 0:00:00]} 77. Qg7 {[%emt 0:00:01]} Ka5 {[%emt 0:00:00]} 78. Qf6 {[%emt 0:00:01]} Kb5 {[%emt 0:00:00]} 79. Qd4 {[%emt 0:00:00]} Ka5 {[%emt 0:00:00]} 80. Qc4 {[%emt 0:00:00]} c2 {[%emt 0:00:01]} 81. Qc5+ {[%emt 0:00:00]} Ka4 {[%emt 0:00:01]} 82. Qc4+ {[%emt 0:00:00]} Ka5 {[%emt 0:00:00]} 83. Qc3+ {[%emt 0:00:00]} Ka4 {[%emt 0:00:00]} 84. Rc6 {[%emt 0:00:00]} Kb5 {[%emt 0:00:01]} 85. Rc4 {[%emt 0:00:00]} Kb6 {[%emt 0:00:01]} 86. Qxc2 {[%emt 0:00:00]} Kb7 {[%emt 0:00:00]} 87. Rc5 {[%emt 0:00:00]} Kb8 {[%emt 0:00:00]} 88. Rc6 {[%emt 0:00:00]} Kb7 {[%emt 0:00:00]} 89. Rc7+ {[%emt 0:00:00]} Kb8 {[%emt 0:00:00]} 90. Qc5 {[%emt 0:00:00]} Ka8 {[%emt 0:00:00]} 91. Qc6+ {[%emt 0:00:00]} Kb8 {[%emt 0:00:00]} 92. Qb7# {[%emt 0:00:00] (Lag: Av=0.47s, max=0.8s)} 1-0

[Event "181st Stay Safe Play From Home series"]
[Site "T#646401Emanuel Laske"]
[Date "2020.05.28"]
[Round "4"]
[White "Praveen Prasad"]
[Black "Tobo Rubirosa"]
[Result "1-0"]
[WhiteElo "2227"]
[BlackElo "1467"]
[Annotator "NA"]
[PlyCount "57"]
[EventDate "2020.05.28"]
[EventType "swiss (blitz)"]

1. e4 {[%emt 0:00:02]} c5 {[%emt 0:00:03]} 2. d4 {[%emt 0:00:01]} cxd4 {[%emt 0:00:02]} 3. Qxd4 {[%emt 0:00:00]} Nc6 {[%emt 0:00:01]} 4. Qd1 {[%emt 0:00:00]} Nf6 {[%emt 0:00:01]} 5. Bd3 {[%emt 0:00:00]} d6 {[%emt 0:00:02]} 6. Ne2 {[%emt 0:00:00]} g6 {[%emt 0:00:01]} 7. O-O {[%emt 0:00:00]} Bg7 {[%emt 0:00:00]} 8. c3 {[%emt 0:00:00]} O-O {[%emt 0:00:01]} 9. Bc2 {[%emt 0:00:00]} Bg4 {[%emt 0:00:01]} 10. h3 {[%emt 0:00:00]} Bxe2 {[%emt 0:00:02]} 11. Qxe2 {[%emt 0:00:00]} a6 {[%emt 0:00:01]} 12. Be3 {[%emt 0:00:00]} Rc8 {[%emt 0:00:01]} 13. Nd2 {[%emt 0:00:00]} Na5 {[%emt 0:00:01]} 14. f4 {[%emt 0:00:01]} b5 {[%emt 0:00:03]} 15. a3 {[%emt 0:00:02]} Nc4 {[%emt 0:00:01]} 16. Nxc4 {[%emt 0:00:03]} bxc4 {[%emt 0:00:00]} 17. e5 {[%emt 0:00:01]} dxe5 {[%emt 0:00:02]} 18. fxe5 {[%emt 0:00:00]} Nd5 {[%emt 0:00:01]} 19. e6 {[%emt 0:00:01]} fxe6 {[%emt 0:00:06]} 20. Bg5 {[%emt 0:00:04]} Nf6 {[%emt 0:00:03]} 21. Qxe6+ {[%emt 0:00:03]} Kh8 {[%emt 0:00:01]} 22. Kh1 {[%emt 0:00:01]} Qb6 {[%emt 0:00:03]} 23. Qxb6 {[%emt 0:00:03]} Rb8 {[%emt 0:00:02]} 24. Qg1 {[%emt 0:00:02]} Rxb2 {[%emt 0:00:02]} 25. Rf2 {[%emt 0:00:01]} Ne4 {[%emt 0:00:03]} 26. Rxf8+ {[%emt 0:00:03]} Bxf8 {[%emt 0:00:02]} 27. Qd4+ {[%emt 0:00:03]} Bg7 {[%emt 0:00:02]} 28. Qd8+ {[%emt 0:00:01]} Bf8 {[%emt 0:00:01]} 29. Qxf8# {[%emt 0:00:00] (Lag: Av=1.38s, max=1.9s)} 1-0

[Event "181st Stay Safe Play From Home series"]
[Site "T#646401Emanuel Laske"]
[Date "2020.05.28"]
[Round "4"]
[White "Lamborghini"]
[Black "The Next Contender"]
[Result "0-1"]
[WhiteElo "2210"]
[BlackElo "2022"]
[Annotator "NA"]
[PlyCount "108"]
[EventDate "2020.05.28"]
[EventType "swiss (blitz)"]

1. e4 {[%emt 0:00:02]} d5 {[%emt 0:00:00]} 2. exd5 {[%emt 0:00:01]} Qxd5 {[%emt 0:00:00]} 3. Nc3 {[%emt 0:00:01]} Qa5 {[%emt 0:00:00]} 4. d4 {[%emt 0:00:01]} c6 {[%emt 0:00:00]} 5. Nf3 {[%emt 0:00:01]} Bf5 {[%emt 0:00:00]} 6. Ne5 {[%emt 0:00:01]} e6 {[%emt 0:00:01]} 7. g4 {[%emt 0:00:01]} Be4 {[%emt 0:00:02]} 8. f3 {[%emt 0:00:02]} Bd5 {[%emt 0:00:01]} 9. Bd2 {[%emt 0:00:01]} Qc7 {[%emt 0:00:01]} 10. Qe2 {[%emt 0:00:02]} Nd7 {[%emt 0:00:01]} 11. O-O-O {[%emt 0:00:01]} Nxe5 {[%emt 0:00:01]} 12. dxe5 {[%emt 0:00:01]} O-O-O {[%emt 0:00:00]} 13. Kb1 {[%emt 0:00:02]} f6 {[%emt 0:00:01]} 14. exf6 {[%emt 0:00:01]} gxf6 {[%emt 0:00:00]} 15. h4 {[%emt 0:00:01]} Ne7 {[%emt 0:00:02]} 16. Bh3 {[%emt 0:00:01]} Kb8 {[%emt 0:00:01]} 17. Rhe1 {[%emt 0:00:03]} e5 {[%emt 0:00:01]} 18. g5 {[%emt 0:00:02]} fxg5 {[%emt 0:00:02]} 19. Bxg5 {[%emt 0:00:01]} Bg7 {[%emt 0:00:02]} 20. Nxd5 {[%emt 0:00:01]} cxd5 {[%emt 0:00:02]} 21. c3 {[%emt 0:00:02]} h6 {[%emt 0:00:01]} 22. Bc1 {[%emt 0:00:02]} Rhe8 {[%emt 0:00:02]} 23. Rg1 {[%emt 0:00:01]} Nc6 {[%emt 0:00:01]} 24. Qg2 {[%emt 0:00:02]} Rg8 {[%emt 0:00:02]} 25. Be6 {[%emt 0:00:01]} Rge8 {[%emt 0:00:06]} 26. Bxd5 {[%emt 0:00:01]} Re7 {[%emt 0:00:02]} 27. Bxc6 {[%emt 0:00:03]} Rxd1 {[%emt 0:00:01]} 28. Rxd1 {[%emt 0:00:01]} bxc6 {[%emt 0:00:00]} 29. Qg6 {[%emt 0:00:02]} Bf8 {[%emt 0:00:04]} 30. Qe4 {[%emt 0:00:01]} Kb7 {[%emt 0:00:01]} 31. Be3 {[%emt 0:00:02]} Re6 {[%emt 0:00:02]} 32. Qa4 {[%emt 0:00:01]} c5 {[%emt 0:00:02]} 33. Qb3+ {[%emt 0:00:02]} Rb6 {[%emt 0:00:01]} 34. Qd5+ {[%emt 0:00:01]} Kb8 {[%emt 0:00:01]} 35. Qd8+ {[%emt 0:00:01]} Qc8 {[%emt 0:00:01]} 36. Qxc8+ {[%emt 0:00:02]} Kxc8 {[%emt 0:00:00]} 37. Kc2 {[%emt 0:00:01]} c4 {[%emt 0:00:00]} 38. b3 {[%emt 0:00:01]} cxb3+ {[%emt 0:00:01]} 39. axb3 {[%emt 0:00:00]} Ra6 {[%emt 0:00:00]} 40. c4 {[%emt 0:00:00]} Ra2+ {[%emt 0:00:00]} 41. Kd3 {[%emt 0:00:00]} Bg7 {[%emt 0:00:01]} 42. Ke4 {[%emt 0:00:00]} Rd2 {[%emt 0:00:01]} 43. Rg1 {[%emt 0:00:00]} Re2 {[%emt 0:00:01]} 44. Rxg7 {[%emt 0:00:01]} Kd8 {[%emt 0:00:01]} 45. c5 {[%emt 0:00:00]} Kc8 {[%emt 0:00:01]} 46. c6 {[%emt 0:00:00]} Kd8 {[%emt 0:00:01]} 47. Kd5 {[%emt 0:00:01]} Rxe3 {[%emt 0:00:01]} 48. Kd6 {[%emt 0:00:00]} Ke8 {[%emt 0:00:01]} 49. Re7+ {[%emt 0:00:01]} Kf8 {[%emt 0:00:01]} 50. Rxe5 {[%emt 0:00:00]} Rc3 {[%emt 0:00:01]} 51. c7 {[%emt 0:00:01]} Rxc7 {[%emt 0:00:00]} 52. Rc5 {[%emt 0:00:00]} Kg7 {[%emt 0:00:00]} 53. Rxc7+ {[%emt 0:00:01]} Kg6 {[%emt 0:00:00]} 54. Rc5 {[%emt 0:00:00]} h5 {[%emt 0:00:00] Zeit (Lag: Av=0.49s, max=1.1s)} 0-1